000 00810nmm a2200265 a 4500
001 ocm0001257017
003 TR-IsHL
005 20201028160903.0
008 160715s2008 tu tur
007 cr cn
020 _a9789756335468
035 _a1257017
_b(N$T)
050 0 4 _aPL248.A9
_bK3 2008
090 0 4 _aPL248.A9
_bK3 2008
100 1 _aAy, Mehmet
245 1 0 _aKayıp imge
_h[electronic resource] /
_cMehmet Ay
260 _aİstanbul :
_bErguvan Yayınevi,
_c2008
300 _a125 p.
650 4 _aDil ve Edebiyat
650 4 _aLanguage and Literature
650 0 _aTürk hikayeleri
650 0 _aTurkish stories
650 7 _aLITERARY COLLECTIONS / Middle Eastern
_2bisacsh
856 4 0 _uhttp://search.ebscohost.com/login.aspx?direct=true&scope=site&db=e011xww&AN=1257017
999 _c13834
_d13834